000 00506nam a2200169 a 4500
001 000031821
005 20200930063216.0
008 110706s1944 dr 000 0 spa d
040 _aDO-SdBNP
_bspa
_cBNPHU
082 _axxx
_bR540l
100 1 _aRobert, Virgilio
_958034
245 1 0 _aLiras nuevas /
_cVirgilio Robert, Generoso Morillo.
260 _aCiudad Trujillo, República Dominicana :
_bImprenta Roldan,
_c1944.
300 _a40 p. ;
_c25 cm.
700 1 _aMorillo, Generoso
_958035
049 _aBNPD
999 _c31313
_d31313